Шифртелеграмма полпреда СССР в Афганистане К. А. Михайлова в НКИД СССР об опасениях афганского правительства по поводу возможной...

RUSMARC
00004981cbm0a2200313#x 450
001458927d5-ad89-4f69-af1e-c109cd824105
00520210812092424.0
100##$a20210812j19400205k###0rusy50 ca
1010#$arus
102##$aAF
1220#$ad19400205##
2001#$aШифртелеграмма полпреда СССР в Афганистане К. А. Михайлова в НКИД СССР об опасениях афганского правительства по поводу возможной агрессии СССР, о германо-афганских отношениях и транзите афганских и немецких товаров через СССР
$j5 февраля 1940 г.
251##$cДокумент
300##$aЗаверенная копия. Резолюции - автографы И. В. Сталина и В. М. Молотова
461#0$12001
$aФ. 558
$1251
$cФонд
$1852
$j558
462#0$12001
$aОп. 11
$1251
$cОпись
$1852
$j11
462#0$12001
$aД. 215
$vЛ. 98-99
$1251
$cДело
$1852
$j215
600#1$2prlib_sh
$3LIBNET\UAF\0000091171
$aСталин
$bИ. В.
$gИосиф Виссарионович
$f1879-1953
$xАвтографы
600#1$2prlib_sh
$3LIBNET\UAF\0000091212
$aМолотов
$bВ. М.
$gВячеслав Михайлович
$f1890-1986
$xАвтографы
605##$2prlib_sh
$3LIBNET\UAF\0000088514
$aВторая мировая война в архивных документах (Комплекс оцифрованных архивных документов, кино- и фотоматериалов)
$lколлекция
617##$aСССР
$f1940
$2prlib_sh
617##$aАфганистан
$f1940
$2prlib_sh
686##$a63.3(5Афг)62-6ю11
$vLBC/M
$2rubbk
686##$a63.3(2)621-6ю11
$vLBC/M
$2rubbk
801#0$aRU
$bПБ им. Б.Н. Ельцина
$c20210812
801#1$aRU
$bПБ им. Б.Н. Ельцина
$c20210812
$2rusmarc
801#2$aRU
$bПБ им. Б.Н. Ельцина
$c20210812
$2rusmarc
850##$aРоссийский государственный архив социально-политической истории
852##$aРГАСПИ
$jЛ. 98-99
035##$aLIBNET\0001175630
937##$d167099357
$hФедеральное архивное агентство
8564#$uhttp://readingroom.main.prlib.ru/item.aspx?id_node=n167099357&mode=full
Формат отображения